Multiple of 3 - Sudden Death - Statistics

General Stats
  • This quiz has been taken 58 times
  • The average score is 13 of 16
Answers on the Grid
Answers color-coded by a green-red scale on the quiz's grid according to % correct below.
4
5
6
10
12
15
16
17
22
23
25
27
30
31
33
36
37
41
42
44
47
48
56
57
61
64
67
69
71
72
75
77
81
90
94
99
 
Answer Stats
Answer % Correct
12
94%
15
94%
6
94%
30
87%
33
87%
27
83%
36
83%
48
81%
42
79%
69
77%
90
72%
99
72%
57
70%
75
66%
72
64%
81
62%
No matching quizzes found
Score Distribution
Percent of People with Each Score
Percentile by Number Answered
Your Score History
You have not taken this quiz